000
00424nam a2200169Ia 4500
008
090711s9999 xx 000 0 und d
082
_b
48130
100
_a
ओक जनार्दन
245
_a
ट्रॅप
260
_c
1983
300
_a
48
600
_a
ओक जनार्दन
630
_a
ट्रॅप
700
_a
ओक जनार्दन
730
_a
ट्रॅप
942
_c
BOOK
999
_c
306533
_d
306533